[Event "I Open Distrito de Chamartin 2012"]
[Site "Madrid ESP"]
[Date "2012.09.09"]
[Round "1.1"]
[White "Hernandez Carmenate, Holden"]
[Black "Marcos Herrero, Francisco"]
[Result "1-0"]
[WhiteElo "2561"]
[BlackElo "1937"]
[PlyCount "34"]
[EventDate "2012.09.09"]
[EventType "swiss"]
[EventRounds "9"]
[EventCountry "ESP"]
[Source "lmi"]
[SourceDate "2012.09.09"]

1. d4 Nf6 2. c4 c5 3. Nf3 cxd4 4. Nxd4 e5 5. Nb5 d5 6. cxd5 Bc5 7. g3 O-O 8.
N5c3 Bf5 9. Bg2 e4 10. O-O Nbd7 11. Bg5 Re8 12. e3 Re5 13. Nd2 Qe8 14. Bf4 Rxd5
15. Nxd5 Nxd5 16. Nb3 Nxf4 17. gxf4 Bb6 1-0

[Event "I Open Distrito de Chamartin 2012"]
[Site "Madrid ESP"]
[Date "2012.09.09"]
[Round "1.3"]
[White "Almagro Llamas, Pablo"]
[Black "Camarero Izquierdo, Juan C"]
[Result "1-0"]
[WhiteElo "2455"]
[BlackElo "1899"]
[PlyCount "33"]
[EventDate "2012.09.09"]
[EventType "swiss"]
[EventRounds "9"]
[EventCountry "ESP"]
[Source "lmi"]
[SourceDate "2012.09.09"]

1. e4 c5 2. Nf3 d6 3. d4 cxd4 4. Nxd4 Nf6 5. Nc3 a6 6. Bc4 e6 7. Bb3 Be7 8. g4
O-O 9. g5 Nfd7 10. Rg1 Nc5 11. Qh5 b5 12. Rg3 b4 13. Nf5 exf5 14. Rh3 h6 15.
gxh6 Nxb3 16. hxg7 f6 17. Qg6 1-0

[Event "I Open Distrito de Chamartin 2012"]
[Site "Madrid ESP"]
[Date "2012.09.09"]
[Round "1.4"]
[White "Santamaria Baeza, Adolfo"]
[Black "Barria Zuniga, Daniel"]
[Result "0-1"]
[WhiteElo "1897"]
[BlackElo "2432"]
[PlyCount "68"]
[EventDate "2012.09.09"]
[EventType "swiss"]
[EventRounds "9"]
[EventCountry "ESP"]
[Source "lmi"]
[SourceDate "2012.09.09"]

1. e4 g6 2. d4 Bg7 3. Nf3 c5 4. c3 cxd4 5. cxd4 d5 6. e5 Nc6 7. Nc3 Nh6 8. Bb5
O-O 9. O-O Bg4 10. Bxc6 bxc6 11. Re1 Nf5 12. Ne2 Qb6 13. b3 e6 14. Ba3 Bxf3 15.
gxf3 Rfe8 16. Bc5 Qd8 17. Ng3 Qg5 18. Qc1 Qh4 19. Qc3 Bh6 20. Kh1 Kh8 21. Rg1
Bf4 22. Rad1 f6 23. exf6 Qxf6 24. Ba3 Rac8 25. Bb2 Bd6 26. Rd3 Nh4 27. Nf1 Rf8
28. Nd2 Bf4 29. Nf1 Qf5 30. Rg4 Nxf3 31. h3 Ng5 32. Ng3 Bxg3 33. Rdxg3 Ne4 34.
Qe3 Nxf2+ 0-1

[Event "I Open Distrito de Chamartin 2012"]
[Site "Madrid ESP"]
[Date "2012.09.09"]
[Round "1.5"]
[White "Taboas Rodriguez, Daniel"]
[Black "Largo Barbero, Benito"]
[Result "1-0"]
[WhiteElo "2402"]
[BlackElo "1885"]
[PlyCount "67"]
[EventDate "2012.09.09"]
[EventType "swiss"]
[EventRounds "9"]
[EventCountry "ESP"]
[Source "lmi"]
[SourceDate "2012.09.09"]

1. d4 Nf6 2. Nf3 g6 3. c4 Bg7 4. Nc3 O-O 5. e4 d6 6. Be2 c6 7. Bg5 h6 8. Bh4
Re8 9. O-O Nbd7 10. h3 a6 11. e5 dxe5 12. dxe5 Nh7 13. e6 fxe6 14. Qc2 g5 15.
Bg3 c5 16. Bd3 Nhf6 17. Rad1 Qb6 18. Rfe1 Nf8 19. h4 g4 20. Ne5 N8d7 21. Bg6
Rf8 22. Qe2 Nxe5 23. Bxe5 Qc6 24. Bxf6 exf6 25. Qxg4 f5 26. Qh5 Bd7 27. Rd3 Be8
28. Rg3 Kh8 29. Qe2 e5 30. Nd5 Bd7 31. Qh5 b5 32. Rxe5 bxc4 33. Re7 Qxd5 34.
Qxh6+ 1-0

[Event "I Open Distrito de Chamartin 2012"]
[Site "Madrid ESP"]
[Date "2012.09.09"]
[Round "1.6"]
[White "Farre Selma, David"]
[Black "Hernando Pertierra, Jose C"]
[Result "0-1"]
[WhiteElo "1882"]
[BlackElo "2376"]
[PlyCount "74"]
[EventDate "2012.09.09"]
[EventType "swiss"]
[EventRounds "9"]
[EventCountry "ESP"]
[Source "lmi"]
[SourceDate "2012.09.09"]

1. e4 g6 2. d4 Bg7 3. Nc3 c6 4. Be3 d5 5. Nf3 dxe4 6. Nxe4 Nd7 7. Bc4 Ngf6 8.
Nxf6+ exf6 9. c3 O-O 10. Qd2 Re8 11. O-O-O Nb6 12. Bb3 a5 13. a3 a4 14. Ba2 Be6
15. Bxe6 Rxe6 16. Qd3 Qd5 17. h4 Qc4 18. h5 Qxd3 19. Rxd3 Rae8 20. hxg6 fxg6
21. Nd2 Nd5 22. Nf1 b5 23. Kc2 h5 24. b3 axb3+ 25. Kxb3 Bf8 26. c4 bxc4+ 27.
Kxc4 Ra8 28. Bc1 Re2 29. Ne3 Nb6+ 30. Kb3 Rxf2 31. g4 h4 32. Rxh4 Rb8 33. Rd2
Rf3 34. Re2 Nd5+ 35. Kc2 Re8 36. Nxd5 Rxe2+ 37. Kd1 Rg2 0-1

[Event "I Open Distrito de Chamartin 2012"]
[Site "Madrid ESP"]
[Date "2012.09.09"]
[Round "1.7"]
[White "Elissalt Cardenas, Hector"]
[Black "Aguado Rodriguez, Guillermo"]
[Result "1-0"]
[WhiteElo "2353"]
[BlackElo "1881"]
[PlyCount "57"]
[EventDate "2012.09.09"]
[EventType "swiss"]
[EventRounds "9"]
[EventCountry "ESP"]
[Source "lmi"]
[SourceDate "2012.09.09"]

1. c4 Nf6 2. Nc3 g6 3. g3 Bg7 4. Bg2 O-O 5. e4 d6 6. h3 c5 7. Nge2 Nc6 8. d3 h6
9. Be3 Nd7 10. O-O Nd4 11. Rb1 a5 12. f4 f5 13. Bf2 e6 14. a3 Nxe2+ 15. Qxe2
Ra6 16. Rfe1 e5 17. exf5 gxf5 18. Nd5 Nb6 19. b4 axb4 20. axb4 e4 21. dxe4 Nxd5
22. cxd5 cxb4 23. e5 Qa5 24. e6 Re8 25. Qh5 Re7 26. Rec1 Bxe6 27. dxe6 Rxe6 28.
Rc8+ Kh7 29. Rd1 1-0

[Event "I Open Distrito de Chamartin 2012"]
[Site "Madrid ESP"]
[Date "2012.09.09"]
[Round "1.8"]
[White "Lozano Sanchez, Jose Antonio"]
[Black "Perez Gonzalez, Jose Manuel"]
[Result "1-0"]
[WhiteElo "1873"]
[BlackElo "2333"]
[PlyCount "129"]
[EventDate "2012.09.09"]
[EventType "swiss"]
[EventRounds "9"]
[EventCountry "ESP"]
[Source "lmi"]
[SourceDate "2012.09.09"]

1. e4 d6 2. Nf3 Nf6 3. Nc3 g6 4. Bc4 Bg7 5. O-O O-O 6. d3 c6 7. a4 d5 8. exd5
cxd5 9. Bb3 Nc6 10. d4 Bg4 11. Be3 e6 12. h3 Bxf3 13. Qxf3 Qb6 14. Qd1 Na5 15.
Ne2 Nxb3 16. cxb3 Rfc8 17. Qd3 Rc6 18. Rfc1 Rac8 19. Qd1 Ne4 20. f3 Nd6 21.
Rxc6 Rxc6 22. g4 Qd8 23. Rc1 Qc8 24. Rc3 Rxc3 25. bxc3 Bf8 26. Qd2 a5 27. Bh6
Bxh6 28. Qxh6 b5 29. axb5 Nxb5 30. Qc1 Qd8 31. Qd2 Nd6 32. Kg2 Qb6 33. Nc1 Nc8
34. Qg5 Na7 35. Nd3 Nc6 36. Nc5 a4 37. Nd7 Qxb3 38. Qh6 Qb2+ 39. Kg3 Qb8+ 40.
Nxb8 Nxb8 41. Qc1 Nc6 42. Qa3 Na5 43. Qxa4 Nc4 44. h4 h6 45. h5 gxh5 46. gxh5
Kg7 47. Qd7 Ne3 48. Kf4 Nc4 49. Qe7 Nb2 50. Ke3 Nc4+ 51. Kd3 Nb2+ 52. Kc2 Nc4
53. f4 Ne3+ 54. Kd3 Nf5 55. Qd8 Ng3 56. Qh4 Nf5 57. Qg4+ Kf6 58. Qg8 Ke7 59. c4
dxc4+ 60. Kxc4 Ne3+ 61. Kc5 Nd5 62. f5 Nf6 63. Qh8 Nxh5 64. fxe6 Nf6 65. exf7
1-0

[Event "I Open Distrito de Chamartin 2012"]
[Site "Madrid ESP"]
[Date "2012.09.09"]
[Round "1.9"]
[White "Serrano Salvador, Eduardo"]
[Black "Garcia Salamero, Hector"]
[Result "1-0"]
[WhiteElo "2319"]
[BlackElo "1868"]
[PlyCount "75"]
[EventDate "2012.09.09"]
[EventType "swiss"]
[EventRounds "9"]
[EventCountry "ESP"]
[Source "lmi"]
[SourceDate "2012.09.09"]

1. d4 Nf6 2. Nf3 g6 3. c4 Bg7 4. g3 d6 5. Bg2 O-O 6. Nc3 Nc6 7. d5 Na5 8. b3 c5
9. Bb2 a6 10. O-O Rb8 11. Qc2 b5 12. Nd2 bxc4 13. bxc4 e5 14. Nd1 Bh6 15. Bc3
Bd7 16. h3 Nh5 17. e3 f5 18. Qc1 f4 19. exf4 exf4 20. Ne4 Nxc4 21. g4 Ng7 22.
g5 f3 23. Nf6+ Rxf6 24. Bxf6 Qxf6 25. gxf6 Bxc1 26. Rxc1 fxg2 27. Re1 Nd2 28.
Re7 Bxh3 29. Rxg7+ Kf8 30. Rc3 Bg4 31. Ne3 Bf3 32. Nxg2 Rb1+ 33. Kh2 Nf1+ 34.
Kh3 Bxd5 35. Nf4 Bxa2 36. Rxh7 Re1 37. Ra3 Bc4 38. Rxa6 1-0

[Event "I Open Distrito de Chamartin 2012"]
[Site "Madrid ESP"]
[Date "2012.09.09"]
[Round "1.10"]
[White "De La Orden Alcocer, Alejandro"]
[Black "Longa Yauca, Javier"]
[Result "0-1"]
[WhiteElo "1857"]
[BlackElo "2289"]
[PlyCount "50"]
[EventDate "2012.09.09"]
[EventType "swiss"]
[EventRounds "9"]
[EventCountry "ESP"]
[Source "lmi"]
[SourceDate "2012.09.09"]

1. c4 Nf6 2. Nc3 e6 3. a3 c5 4. Nf3 d5 5. e3 d4 6. exd4 cxd4 7. Nb5 Nc6 8. a4
a6 9. Na3 Bb4 10. Qb3 O-O 11. Nc2 Ba5 12. Qa3 e5 13. b4 e4 14. Nfxd4 Nxb4 15.
Rb1 Nxc2+ 16. Nxc2 Re8 17. Be2 Ng4 18. Bxg4 Bxg4 19. Rxb7 Qd3 20. Qxd3 exd3+
21. Ne3 Be2 22. c5 Rac8 23. Ba3 Re4 24. Nd5 Rce8 25. f3 R4e5 0-1

[Event "I Open Distrito de Chamartin 2012"]
[Site "Madrid ESP"]
[Date "2012.09.09"]
[Round "1.11"]
[White "Sanchez Gonzalez, Sergio"]
[Black "Monge Gilgado, Eva Maria"]
[Result "1-0"]
[WhiteElo "2273"]
[BlackElo "1856"]
[PlyCount "29"]
[EventDate "2012.09.09"]
[EventType "swiss"]
[EventRounds "9"]
[EventCountry "ESP"]
[Source "lmi"]
[SourceDate "2012.09.09"]

1. c4 e6 2. g3 Nf6 3. Bg2 d5 4. Nf3 Be7 5. O-O O-O 6. b3 b6 7. cxd5 exd5 8. Bb2
Bb7 9. d4 Nbd7 10. Ne5 Re8 11. Nc3 Bd6 12. f4 Ne4 13. Nxe4 dxe4 14. Qc2 f6 15.
Qc4+ 1-0

[Event "I Open Distrito de Chamartin 2012"]
[Site "Madrid ESP"]
[Date "2012.09.09"]
[Round "1.12"]
[White "Corredor San Jose, Antonio"]
[Black "Fernandez Lledo, Javier"]
[Result "0-1"]
[WhiteElo "1838"]
[BlackElo "2202"]
[PlyCount "72"]
[EventDate "2012.09.09"]
[EventType "swiss"]
[EventRounds "9"]
[EventCountry "ESP"]
[Source "lmi"]
[SourceDate "2012.09.09"]

1. e4 Nc6 2. Nf3 d6 3. Bc4 Nf6 4. Nc3 Bg4 5. h3 Bh5 6. Bb5 Qd7 7. d3 a6 8. Bxc6
Qxc6 9. Bd2 e6 10. O-O Be7 11. Re1 b5 12. a3 h6 13. Bf4 g5 14. Be3 g4 15. Nd4
Qd7 16. hxg4 Nxg4 17. Qd2 Rg8 18. b4 Bf6 19. Nde2 Nxe3 20. fxe3 Bf3 21. Nf4 Qc6
22. d4 Bxe4 23. Nxe4 Qxe4 24. Re2 Ke7 25. Qd3 Qxd3 26. Nxd3 a5 27. Rc1 axb4 28.
axb4 Ra2 29. Kf2 Bh4+ 30. Kf3 Rg3+ 31. Kf4 f5 32. Rh1 Rg4+ 33. Kf3 Kf6 34. e4
Kg5 35. exf5 Kxf5 36. Ke3 Bg5+ 0-1

[Event "I Open Distrito de Chamartin 2012"]
[Site "Madrid ESP"]
[Date "2012.09.09"]
[Round "1.14"]
[White "Martinez Rubio, Felipe"]
[Black "Garcia Diaz, Victor Manuel"]
[Result "0-1"]
[WhiteElo "1835"]
[BlackElo "2189"]
[PlyCount "40"]
[EventDate "2012.09.09"]
[EventType "swiss"]
[EventRounds "9"]
[EventCountry "ESP"]
[Source "lmi"]
[SourceDate "2012.09.09"]

1. d4 Nf6 2. Bg5 d5 3. Nf3 c5 4. e3 Nc6 5. c3 e6 6. Nbd2 Be7 7. Bd3 O-O 8. Ne5
cxd4 9. exd4 Nxe5 10. dxe5 Nd7 11. Bf4 Nc5 12. Bc2 b6 13. h4 Ba6 14. Nf3 f6 15.
Bxh7+ Kxh7 16. Ng5+ Kg8 17. Qh5 Nd3+ 18. Kd2 fxg5 19. Bxg5 Rxf2+ 20. Ke3 Bc5#
0-1

[Event "I Open Distrito de Chamartin 2012"]
[Site "Madrid ESP"]
[Date "2012.09.09"]
[Round "1.16"]
[White "Sanchez Rodenas, Antonio"]
[Black "Gonzalez Mateos, Rafael"]
[Result "0-1"]
[WhiteElo "1756"]
[BlackElo "2161"]
[PlyCount "90"]
[EventDate "2012.09.09"]
[EventType "swiss"]
[EventRounds "9"]
[EventCountry "ESP"]
[Source "lmi"]
[SourceDate "2012.09.09"]

1. Nf3 d5 2. d4 c6 3. e3 Bg4 4. Be2 Nd7 5. Nbd2 e6 6. O-O f5 7. Ne5 Bxe2 8.
Qxe2 Nxe5 9. dxe5 Qc7 10. f4 Nh6 11. h3 Nf7 12. Nb3 O-O-O 13. Nd4 Qd7 14. Bd2
Bc5 15. b4 Bxd4 16. exd4 Rdg8 17. a4 g5 18. b5 gxf4 19. bxc6 Qxc6 20. Bxf4 Kb8
21. Rfb1 Ng5 22. Rb3 h6 23. Rab1 Rh7 24. a5 Ne4 25. Qd3 Rhg7 26. g3 h5 27. h4
Rc8 28. R1b2 Qc4 29. Qf3 Qxd4+ 30. Be3 Qxb2 31. Rxb2 Rxg3+ 32. Qxg3 Nxg3 33. a6
b6 34. Bxb6 axb6 35. Rxb6+ Ka7 36. Rxe6 Rxc2 37. Rd6 d4 38. e6 Re2 39. Rd7+
Kxa6 40. e7 Re4 41. Kf2 Ne2 42. Kf3 Kb6 43. Rd5 Rxe7 44. Rxf5 Nc3 45. Rxh5 d3
0-1

[Event "I Open Distrito de Chamartin 2012"]
[Site "Madrid ESP"]
[Date "2012.09.09"]
[Round "1.17"]
[White "Collado Barbas, Laura"]
[Black "Pardo Vaquero, Ignacio"]
[Result "1-0"]
[WhiteElo "2149"]
[BlackElo "1756"]
[PlyCount "111"]
[EventDate "2012.09.09"]
[EventType "swiss"]
[EventRounds "9"]
[EventCountry "ESP"]
[Source "lmi"]
[SourceDate "2012.09.09"]

1. d4 Nf6 2. c4 c5 3. d5 b5 4. cxb5 a6 5. bxa6 g6 6. Nc3 Bxa6 7. Nf3 d6 8. g3
Bg7 9. Bg2 O-O 10. O-O Nbd7 11. Rb1 Ra7 12. b3 Qa8 13. a4 Rb8 14. Re1 Ng4 15.
Bd2 Nge5 16. Nxe5 Nxe5 17. Qc2 Rab7 18. Na2 Qa7 19. h3 Rc7 20. Bc3 Bc8 21. Rec1
Bh6 22. Rd1 Bg7 23. Nc1 Ba6 24. e3 Qb6 25. Ne2 Bxe2 26. Qxe2 Nf3+ 27. Bxf3 Bxc3
28. Rdc1 Qa5 29. Qd3 Bg7 30. h4 Rcb7 31. h5 Qb4 32. Kg2 Qa3 33. hxg6 hxg6 34.
Bd1 Rb4 35. Bc2 R4b6 36. Rh1 Rb4 37. Qd1 Qa2 38. Rh4 Rxh4 39. gxh4 Rb4 40. Kh3
Bf6 41. f4 Bg7 42. Qd3 Qa3 43. h5 c4 44. bxc4 Qxd3 45. Bxd3 Rxa4 46. hxg6 fxg6
47. Bxg6 Rxc4 48. Kg4 Rc3 49. e4 Ra3 50. Kf5 Ra8 51. Rb7 Bf6 52. e5 dxe5 53.
fxe5 Bh4 54. Kg4 Kg7 55. Bc2 Rh8 56. d6 1-0

[Event "I Open Distrito de Chamartin 2012"]
[Site "Madrid ESP"]
[Date "2012.09.09"]
[Round "1.18"]
[White "Maseda Iglesias, Luis"]
[Black "Unciti Juan, Javier"]
[Result "0-1"]
[WhiteElo "1734"]
[BlackElo "2143"]
[PlyCount "60"]
[EventDate "2012.09.09"]
[EventType "swiss"]
[EventRounds "9"]
[EventCountry "ESP"]
[Source "lmi"]
[SourceDate "2012.09.09"]

1. d4 e6 2. Nf3 d5 3. e3 c5 4. b3 Nf6 5. Bd3 Nc6 6. O-O cxd4 7. exd4 Bd6 8. Bb2
O-O 9. a3 Ne4 10. Qe2 f5 11. Nbd2 Bd7 12. Ne5 Nxe5 13. dxe5 Bc5 14. c4 Nxd2 15.
Qxd2 dxc4 16. Bxc4 Qe8 17. b4 Bb6 18. Qd6 Rd8 19. Qd3 f4 20. Qh3 g6 21. Rad1
Rf5 22. Rd3 Rc8 23. Rfd1 Ba4 24. Bb3 Bxb3 25. Rxb3 Rc2 26. Rf1 f3 27. g4 Rf7
28. Qh6 Qc6 29. b5 Qd5 30. Rb4 Bxf2+ 0-1

[Event "I Open Distrito de Chamartin 2012"]
[Site "Madrid ESP"]
[Date "2012.09.09"]
[Round "1.19"]
[White "Gomez Gonzalez, Javier"]
[Black "Garceran Izquierdo, Ruben"]
[Result "1-0"]
[WhiteElo "2137"]
[BlackElo "1719"]
[PlyCount "61"]
[EventDate "2012.09.09"]
[EventType "swiss"]
[EventRounds "9"]
[EventCountry "ESP"]
[Source "lmi"]
[SourceDate "2012.09.09"]

1. e4 c5 2. Nf3 d6 3. d4 cxd4 4. Nxd4 Nf6 5. Nc3 a6 6. Be2 e6 7. O-O Be7 8. Be3
O-O 9. f4 Nc6 10. Bf3 Nxd4 11. Qxd4 Qc7 12. Rad1 e5 13. Qd2 Bg4 14. Bxg4 Nxg4
15. Nd5 Qd8 16. Bb6 Qd7 17. h3 Nf6 18. fxe5 Nxd5 19. Qxd5 Qc6 20. Qxc6 bxc6 21.
exd6 Bf6 22. Rxf6 gxf6 23. d7 Rfd8 24. Rd6 c5 25. Bxc5 Rab8 26. Bb6 Rxd7 27.
Rxd7 Rxb6 28. b3 Kf8 29. Kf2 Ke8 30. Ra7 Re6 31. Kf3 1-0

[Event "I Open Distrito de Chamartin 2012"]
[Site "Madrid ESP"]
[Date "2012.09.09"]
[Round "1.20"]
[White "Cerrato Torrijos, Javier"]
[Black "Cerrato Torrijos, Maria"]
[Result "0-1"]
[WhiteElo "1718"]
[BlackElo "2120"]
[PlyCount "46"]
[EventDate "2012.09.09"]
[EventType "swiss"]
[EventRounds "9"]
[EventCountry "ESP"]
[Source "lmi"]
[SourceDate "2012.09.09"]

1. e4 c5 2. Nf3 Nc6 3. d4 cxd4 4. Nxd4 g6 5. Nc3 Bg7 6. Be3 Nf6 7. f3 O-O 8.
Qd2 d5 9. Nxc6 bxc6 10. O-O-O Be6 11. e5 Nd7 12. f4 Qa5 13. Kb1 f6 14. exf6
Nxf6 15. Ne2 Qxd2 16. Bxd2 Ne4 17. Be1 Rab8 18. Nd4 Bg4 19. Rd3 c5 20. h3 Bxd4
21. c3 Bf2 22. hxg4 Bxe1 23. Be2 Bxc3 0-1

[Event "I Open Distrito de Chamartin 2012"]
[Site "Madrid ESP"]
[Date "2012.09.09"]
[Round "1.21"]
[White "Ginesta Caballero, Olga Lucia"]
[Black "Zhynguel Ramirez De Verger, Aleksei"]
[Result "1-0"]
[WhiteElo "2099"]
[BlackElo "1704"]
[PlyCount "49"]
[EventDate "2012.09.09"]
[EventType "swiss"]
[EventRounds "9"]
[EventCountry "ESP"]
[Source "lmi"]
[SourceDate "2012.09.09"]

1. e4 c5 2. Nc3 Nc6 3. f4 d6 4. Bb5 Bd7 5. Nf3 a6 6. Bxc6 Bxc6 7. O-O g6 8. d3
Bg7 9. Qe1 e6 10. f5 exf5 11. exf5+ Qe7 12. Qg3 Qd7 13. fxg6 hxg6 14. Re1+ Kf8
15. Bf4 Rd8 16. Bg5 Bf6 17. Ne4 Bxe4 18. Rxe4 Bxb2 19. Rf1 Bf6 20. Bxf6 Nxf6
21. Ne5 dxe5 22. Rxf6 Qe7 23. Qxg6 Rd7 24. Rg4 Qe8 25. Rg5 1-0

[Event "I Open Distrito de Chamartin 2012"]
[Site "Madrid ESP"]
[Date "2012.09.09"]
[Round "1.22"]
[White "Sorribes Calle, Pablo"]
[Black "Spitzer Isbert, Ramon"]
[Result "0-1"]
[WhiteElo "1677"]
[BlackElo "2078"]
[PlyCount "68"]
[EventDate "2012.09.09"]
[EventType "swiss"]
[EventRounds "9"]
[EventCountry "ESP"]
[Source "lmi"]
[SourceDate "2012.09.09"]

1. d4 Nf6 2. c4 e5 3. dxe5 Ng4 4. Nf3 Bc5 5. e3 Nc6 6. a3 a5 7. Be2 O-O 8. b3
Ngxe5 9. Bb2 Re8 10. O-O Nxf3+ 11. Bxf3 Ne5 12. Be2 Ra6 13. Qd5 Qg5 14. Bd4
Bxd4 15. Qxd4 Rg6 16. g3 Qf5 17. Nd2 Qh3 18. Qe4 d6 19. Qg2 Qh6 20. h4 Bf5 21.
b4 Nd3 22. Bf3 c6 23. b5 Ne5 24. Be4 Bxe4 25. Qxe4 d5 26. cxd5 cxd5 27. Qxd5
Rd6 28. Qa2 Rxd2 29. Qb1 Ng4 30. Qb3 Qf6 31. Ra2 Ne5 32. f4 Rd3 33. Qc2 Rxe3
34. fxe5 Rxg3+ 0-1

[Event "I Open Distrito de Chamartin 2012"]
[Site "Madrid ESP"]
[Date "2012.09.09"]
[Round "1.24"]
[White "Castro Uceda, Jose Antonio"]
[Black "Martin Martin, Luis Vicente"]
[Result "0-1"]
[WhiteElo "1657"]
[BlackElo "2069"]
[PlyCount "92"]
[EventDate "2012.09.09"]
[EventType "swiss"]
[EventRounds "9"]
[EventCountry "ESP"]
[Source "lmi"]
[SourceDate "2012.09.09"]

1. d4 Nf6 2. c4 e5 3. dxe5 Ne4 4. e3 Nc6 5. Bd3 Bb4+ 6. Bd2 Nxd2 7. Nxd2 Nxe5
8. Be2 O-O 9. Ngf3 Nxf3+ 10. Bxf3 a5 11. O-O Ra6 12. a3 Be7 13. Qb3 Rh6 14.
Rad1 Re8 15. Ne4 Bf8 16. Rd5 Qh4 17. h3 Rxe4 18. Bxe4 Qxe4 19. Rxa5 b6 20. Rg5
Bb7 21. f3 Qe7 22. Rg4 Re6 23. Re1 c5 24. Qd3 g6 25. e4 Bg7 26. Qd2 h5 27. Rg3
Qh4 28. Qg5 Bf6 29. Qxh4 Bxh4 30. Kh2 Rd6 31. Re2 Rd4 32. Rc2 Ba6 33. b3 Rd3
34. Rb2 Kf8 35. b4 Bxc4 36. bxc5 bxc5 37. Rc2 Rd4 38. a4 Bb3 39. Rxc5 Bxa4 40.
Re5 Bc6 41. Rc5 Rd3 42. Rgg5 Bxg5 43. Rxg5 d5 44. exd5 Rxd5 45. Rg3 Bd7 46. Kg1
h4 0-1

[Event "I Open Distrito de Chamartin 2012"]
[Site "Madrid ESP"]
[Date "2012.09.09"]
[Round "1.25"]
[White "Abul, Qasem"]
[Black "De Dompablo Fantova, Juan"]
[Result "1-0"]
[WhiteElo "2030"]
[BlackElo "1656"]
[PlyCount "43"]
[EventDate "2012.09.09"]
[EventType "swiss"]
[EventRounds "9"]
[EventCountry "ESP"]
[Source "lmi"]
[SourceDate "2012.09.09"]

1. d4 Nf6 2. c4 g6 3. Nc3 Bg7 4. e4 d6 5. f4 O-O 6. Nf3 Nbd7 7. Bd3 Re8 8. e5
dxe5 9. fxe5 Ng4 10. Qe2 Nf8 11. h3 Nh6 12. g4 c6 13. Be3 Qa5 14. O-O-O Bd7 15.
Kb1 Rab8 16. Qd2 Nxg4 17. hxg4 Bxg4 18. Rdf1 f6 19. Bh6 Bh5 20. Rxh5 gxh5 21.
Rg1 Ng6 22. Bxg6 1-0

[Event "I Open Distrito de Chamartin 2012"]
[Site "Madrid ESP"]
[Date "2012.09.09"]
[Round "1.26"]
[White "Algaba Traspuesto, Jose Antonio"]
[Black "Cano Cabanillas, Javier"]
[Result "0-1"]
[WhiteElo "1646"]
[BlackElo "2027"]
[PlyCount "64"]
[EventDate "2012.09.09"]
[EventType "swiss"]
[EventRounds "9"]
[EventCountry "ESP"]
[Source "lmi"]
[SourceDate "2012.09.09"]

1. Nf3 Nf6 2. d4 g6 3. Nc3 d5 4. Bf4 Bg7 5. e3 O-O 6. Be2 c5 7. O-O cxd4 8.
Nxd4 Nbd7 9. Nb3 e6 10. h3 a6 11. Bf3 Nb6 12. Nd2 Re8 13. Bg3 Bd7 14. e4 d4 15.
Ne2 e5 16. Nc1 Na4 17. Nd3 Bb5 18. Re1 Nd7 19. Nb1 Bxd3 20. cxd3 Nxb2 21. Qc2
Qa5 22. Nd2 Qc3 23. Rec1 Rac8 24. Nc4 Qxc2 25. Rxc2 Nxd3 26. Rd2 Rxc4 27. Rxd3
Nc5 28. Rdd1 Bh6 29. Rab1 b5 30. Kf1 f6 31. Be2 Rc3 32. f3 d3 0-1

[Event "I Open Distrito de Chamartin 2012"]
[Site "Madrid ESP"]
[Date "2012.09.09"]
[Round "1.27"]
[White "De La Colina Fernandez, Gerardo"]
[Black "Moreno Sanchez, Guillermo"]
[Result "1-0"]
[WhiteElo "2016"]
[BlackElo "1635"]
[PlyCount "65"]
[EventDate "2012.09.09"]
[EventType "swiss"]
[EventRounds "9"]
[EventCountry "ESP"]
[Source "lmi"]
[SourceDate "2012.09.09"]

1. d4 d5 2. c4 e6 3. Nc3 Nf6 4. Bg5 Be7 5. e3 Nbd7 6. Nf3 O-O 7. Bd3 b6 8. O-O
Bb7 9. cxd5 exd5 10. Qc2 Re8 11. Rfd1 a5 12. Rac1 Rc8 13. Bf5 g6 14. Bh3 Ra8
15. Ne5 Nxe5 16. dxe5 Nh5 17. Bh6 Bc5 18. Ne4 Qh4 19. Nxc5 bxc5 20. Qxc5 Rxe5
21. f4 Nxf4 22. exf4 Re4 23. Bg5 Qh5 24. Qc3 Qe2 25. Bh6 d4 26. Rxd4 Qe3+ 27.
Qxe3 Rxe3 28. Bg4 Rae8 29. f5 gxf5 30. Bxf5 R3e7 31. Rg4+ Kh8 32. Bg7+ Kg8 33.
Bd4+ 1-0

[Event "I Open Distrito de Chamartin 2012"]
[Site "Madrid ESP"]
[Date "2012.09.09"]
[Round "1.28"]
[White "Matesanz Bonastre, Rafael"]
[Black "Avendano Mateos, Jose"]
[Result "0-1"]
[WhiteElo "1631"]
[BlackElo "2014"]
[PlyCount "62"]
[EventDate "2012.09.09"]
[EventType "swiss"]
[EventRounds "9"]
[EventCountry "ESP"]
[Source "lmi"]
[SourceDate "2012.09.09"]

1. d4 d5 2. c4 c6 3. Nc3 Nf6 4. e3 Bg4 5. Qc2 e6 6. Bd3 Bd6 7. Nge2 O-O 8. c5
Bc7 9. Bd2 e5 10. f3 Bh5 11. Ng3 Bg6 12. Bxg6 fxg6 13. O-O-O b6 14. Na4 e4 15.
f4 b5 16. Nc3 a5 17. b3 Na6 18. Nce2 Nb4 19. Bxb4 axb4 20. Kd2 Qd7 21. h3 Kh8
22. Ra1 Ng8 23. Rhf1 Nh6 24. Qd1 Rae8 25. Qe1 Re7 26. Nh1 Ref7 27. g4 g5 28. f5
g6 29. f6 Rxf6 30. Rxf6 Rxf6 31. Qg1 Qf7 0-1

[Event "I Open Distrito de Chamartin 2012"]
[Site "Madrid ESP"]
[Date "2012.09.09"]
[Round "1.29"]
[White "Hall, Rachid"]
[Black "Arias De Reina Martinez, Francisco"]
[Result "0-1"]
[WhiteElo "2013"]
[BlackElo "1614"]
[PlyCount "44"]
[EventDate "2012.09.09"]
[EventType "swiss"]
[EventRounds "9"]
[EventCountry "ESP"]
[Source "lmi"]
[SourceDate "2012.09.09"]

1. Nf3 Nf6 2. d4 g6 3. c4 Bg7 4. Nc3 d5 5. Bg5 Ne4 6. e3 Nxg5 7. Nxg5 e5 8. h4
h6 9. Nxf7 Kxf7 10. Qf3+ Kg8 11. Nxd5 c6 12. Nc3 Qf6 13. Qxf6 Bxf6 14. Ne4 Kg7
15. d5 cxd5 16. cxd5 Bf5 17. Ng3 e4 18. Rb1 Rd8 19. Bc4 Nd7 20. b3 Ne5 21. Ke2
Bg4+ 22. Kd2 b5 0-1

[Event "I Open Distrito de Chamartin 2012"]
[Site "Madrid ESP"]
[Date "2012.09.09"]
[Round "1.30"]
[White "Martin Garcia, Francisco Javier"]
[Black "Baeza Escudero, Javier"]
[Result "0-1"]
[WhiteElo "1609"]
[BlackElo "2008"]
[PlyCount "46"]
[EventDate "2012.09.09"]
[EventType "swiss"]
[EventRounds "9"]
[EventCountry "ESP"]
[Source "lmi"]
[SourceDate "2012.09.09"]

1. e4 e5 2. Nf3 Nc6 3. Bc4 Bc5 4. c3 Nf6 5. d4 exd4 6. cxd4 Bb4+ 7. Bd2 O-O 8.
e5 d5 9. Bxb4 Nxb4 10. exf6 dxc4 11. O-O Qxf6 12. Na3 Be6 13. Ne5 c5 14. Naxc4
Rfd8 15. Qa4 Rxd4 16. b3 a6 17. Nb6 Rad8 18. Nec4 Bxc4 19. Rfe1 Bb5 20. Qa5 Nc2
21. Qc3 Nxe1 22. Rxe1 Qxb6 23. a4 Bc6 0-1